• 首页
  • 本馆介绍
  • 公告通知
  • 最新文献
  • 馆藏检索
  • 电子资源
  • 读者导购
  • 参考咨询
  • 我的图书馆
  • 登录
  • 详细信息显示
  • 放入我的书架
  • 预约/预借图书
  • 作者相关作品
  • 分类相关作品
  • 丛书相关作品
  • 出版社相关作品

书目信息

  • 表格格式
  • 工作单格式
  • 卡片格式
题名:
中国长笛独奏曲集
    
 
作者: 张志华 编
分册: 一   钢琴伴奏谱
出版信息: 北京   人民音乐出版社  2003
页数: 139页
开本: 30cm
丛书名:
单 册:
中图分类: J647.11
科图分类:
主题词: 长笛--独奏曲--中国--选集 , 长笛 , 独奏曲
电子资源:
ISBN: 7-103-02610-6
000 00753ncm0 2200241 450
001 002490396
005 20070806093835.40
010    @a7-103-02610-6@dCNY35.80
100    @a20031031d2003 em y0chiy0110 ea
101 0  @achi
102    @aCN@b110000
105    @ag z 000yy
200 1  @a中国长笛独奏曲集@9zhong guo chang di du zou qu ji@h一@i钢琴伴奏谱@f张志华编
210    @a北京@c人民音乐出版社@d2003
215    @a139页@d30cm@e附件:长笛分谱
512 1  @a中国长笛独奏曲集@9zhong guo chang di du zou qu ji@h一@i长笛分谱及钢琴伴奏谱
606 0  @a长笛@x独奏曲@y中国@j选集
606 0  @a长笛
606 0  @a独奏曲
690    @aJ647.11@v4
701  0 @a张志华@9zhang zhi hua@c(音乐)@4编
801  0 @aCN@bNLC@c20070806
905    @a10447@dJ647.11@e127:1
    
    中国长笛独奏曲集.一.钢琴伴奏谱/张志华编.-北京:人民音乐出版社,2003
    139页;30cm+附件:长笛分谱
    
    
    ISBN 7-103-02610-6:CNY35.80
    
●
相关链接 在E读中查询图书 在五车中查询图书 在当当中查询图书 在豆瓣中查询图书


正题名:中国长笛独奏曲集     索取号:J647.11/127:1         预约/预借

序号 登录号 条形码 馆藏地/架位号 状态 备注
1 0806336   208063361   第一样本阅览室/ [索取号:J647.11/127:1] 在馆    
2 0806337   208063370   第一借阅区/ [索取号:J647.11/127:1] 在馆    
3 0806338   208063389   第一借阅区/ [索取号:J647.11/127:1] 在馆    
4 0806339   208063398   第一借阅区/ [索取号:J647.11/127:1] 在馆    
5 0806340   208063405   密集书库-音乐系/ [索取号:J647.11/127:1] 在馆    
唐山师范学院图书馆 欢迎您!
大连网信软件有限公司© 版权所有